000 00299nam a22001337a 4500
008 170524b xxu||||| |||| 00| 0 eng d
020 _a0471813915
041 _aeng
080 _a62
100 _a26
101 _aIM
245 _aMICROPROCESSORS AND MICROCOMPUTERS
_cSOUCEK, B
942 _2udc
_cBK
999 _c14027
_d14027